01107cam a2200301 a 450000100100000000500170001000800410002702000150006804000350008308200250011810000260014324500900016924600540025925000330031326000490034630000210039549000260041650400550044265000450049765000310054265000320057365000560060571000500066183000340071191000340074504900090077999900170078800001301620240521134623.0030331s2002 mx b i001 0 spa d a9682324025 aDO-SdBNPbspacUBPdNDDdBNPHU a333.716bL488s, 20021 aLeff, Enrique.93002610aSaber ambiental :bsustentabilidad, racionalidad, conplejidad, poder /cEnrique Leff.33aSustentabilidad, racionalidad, complejidad, poder a3a ed. corregida y aumentada aMéxico :bPNUMA :bSiglo Veintiuno,c2002. a414 p. ;c21 cm.1 aAmbiente y democracia aIncluye referencias bibliográficas (p. 401-414). 4aEcologíaxAspectos económicos930027 4aDesarrollo sostenible9901 0aPolítica ambiental 97280 4aDesarrollo económicoxAspectos ambientales9300282 aNaciones Unidas para el Medio Ambiente930029 0aAmbiente y democracia.930030 aCatalogación por copia / LC aBNGR c12663d12663